Italian renaissance architecture : (Record no. 3535)

MARC details
000 -LEADER
fixed length control field 00950nac a22002411u 4500
003 - CONTROL NUMBER IDENTIFIER
control field EG-ScBUE
005 - DATE AND TIME OF LATEST TRANSACTION
control field 20221113025128.0
008 - FIXED-LENGTH DATA ELEMENTS--GENERAL INFORMATION
fixed length control field 160229s1996 enka f b 001 0 eng d
020 ## - INTERNATIONAL STANDARD BOOK NUMBER
International Standard Book Number 0500279217
040 ## - CATALOGING SOURCE
Original cataloging agency EG-ScBUE
Language of cataloging eng
Description conventions rda
Transcribing agency EG-ScBUE
Modifying agency EG-ScBUE
082 04 - DEWEY DECIMAL CLASSIFICATION NUMBER
Classification number 724.12
Item number ITA
Edition number 22
245 00 - TITLE STATEMENT
Title Italian renaissance architecture :
Remainder of title from Brunelleschi to Michelangelo /
Statement of responsibility, etc edited by Henry A. Millon
264 #1 - PUBLICATION, DISTRIBUTION, ETC. (IMPRINT)
Place of publication, distribution, etc London :
Name of publisher, distributor, etc Thames and Hudson,
Date of publication, distribution, etc 1996.
300 ## - PHYSICAL DESCRIPTION
Extent 454 pages :
Other physical details illustrations (some color) ;
Dimensions 30 cm
500 ## - GENERAL NOTE
General note Abridged ed. _ Previous ed. published as: The Renaissance from Brunelleschi to Michelangelo. 1994.
504 ## - BIBLIOGRAPHY, ETC. NOTE
Bibliography, etc Includes bibliographical references and index.<br/>
650 #7 - SUBJECT ADDED ENTRY--TOPICAL TERM
Topical term or geographic name as entry element Architectural models
Geographic subdivision Italy.
Source of heading or term BUEsh
650 #7 - SUBJECT ADDED ENTRY--TOPICAL TERM
Topical term or geographic name as entry element Architectural drawing
Geographic subdivision Italy
Chronological subdivision 16th century.
Source of heading or term BUEsh
653 ## - INDEX TERM--UNCONTROLLED
Resource For college Engineering, Architecture
655 ## - INDEX TERM--GENRE/FORM
Form subdivision Reading book
9 (RLIN) 34232
700 1# - ADDED ENTRY--PERSONAL NAME
Personal name Millon, Henry A.
Dates associated with a name 1927-
Fuller form of name (Henry Armand),
Relator term editor.
942 ## - ADDED ENTRY ELEMENTS (KOHA)
Koha item type Book - Borrowing
Source of classification or shelving scheme Dewey Decimal Classification
Holdings
Withdrawn status Lost status Source of classification or shelving scheme Damaged status Not for loan Home library Current library Shelving location Date acquired Source of acquisition Total Checkouts Full call number Barcode Date last seen Date checked out Koha item type
    Dewey Decimal Classification     Central Library Central Library Second Floor 26/04/2007 Purchase 2 724.12 ITA 000001038 15/07/2025 29/02/2016 Book - Borrowing